Celebrities:missing word Quiz Stats

Quiz not verified by Sporcle

Challenge
Share
Tweet
Embed
Score 0/10 Timer 04:00
0 Plays Today
missing word celebrity % Correct
___LopezJennifer
97.6%
___AnistonJennifer
97.6%
___SheenCharlie
95.1%
___SandlerAdam
95.1%
___PortmanNatalie
95.1%
___MurphyEddie
90.2%
___SmithWill
90.2%
___FoxxJamie
78%
___SaldanaZoe
61%
___FoxMichael J
51.2%

You're not logged in!

Compare scores with friends on all Sporcle quizzes.
Sign Up with Email
OR
Log In

You Might Also Like...

Show Comments

Extras

Top Quizzes Today


Score Distribution

Your Account Isn't Verified!

In order to create a playlist on Sporcle, you need to verify the email address you used during registration. Go to your Sporcle Settings to finish the process.